<?xml version="1.0" encoding="UTF-8"?><?xml-stylesheet type="text/xsl" href="static/style.xsl"?><OAI-PMH xmlns="http://www.openarchives.org/OAI/2.0/" xmlns:xsi="http://www.w3.org/2001/XMLSchema-instance" xsi:schemaLocation="http://www.openarchives.org/OAI/2.0/ http://www.openarchives.org/OAI/2.0/OAI-PMH.xsd"><responseDate>2026-04-17T05:11:28Z</responseDate><request verb="GetRecord" identifier="oai:www.recercat.cat:2099.1/18644" metadataPrefix="marc">https://recercat.cat/oai/request</request><GetRecord><record><header><identifier>oai:recercat.cat:2099.1/18644</identifier><datestamp>2025-07-17T15:24:15Z</datestamp><setSpec>com_2072_1033</setSpec><setSpec>col_2072_452951</setSpec></header><metadata><record xmlns="http://www.loc.gov/MARC21/slim" xmlns:dcterms="http://purl.org/dc/terms/" xmlns:xsi="http://www.w3.org/2001/XMLSchema-instance" xmlns:doc="http://www.lyncode.com/xoai" xsi:schemaLocation="http://www.loc.gov/MARC21/slim http://www.loc.gov/standards/marcxml/schema/MARC21slim.xsd">
   <leader>00925njm 22002777a 4500</leader>
   <datafield ind2=" " ind1=" " tag="042">
      <subfield code="a">dc</subfield>
   </datafield>
   <datafield ind2=" " ind1=" " tag="720">
      <subfield code="a">Molina Beas, Víctor</subfield>
      <subfield code="e">author</subfield>
   </datafield>
   <datafield ind2=" " ind1=" " tag="260">
      <subfield code="c">2013-06-06</subfield>
   </datafield>
   <datafield ind2=" " ind1=" " tag="520">
      <subfield code="a">Banjooli Xeet PC&#xd;
correspon a una versió d'ordinador del joc de taula Banjooli Xeet&#xd;
(&#xd;
http://boardgamegeek.com/boardgame/99459/banjooli&#xd;
-&#xd;
xeet&#xd;
)&#xd;
. El&#xd;
projecte complirà els seus&#xd;
objectius si aconsegueix simular&#xd;
amb un alt grau&#xd;
l'experiència de joc&#xd;
que es pot tenir amb el&#xd;
joc de taula&#xd;
.&#xd;
Adicionalment&#xd;
Banjooli Xeet PC&#xd;
ha d'oferir un ventall d'inteligències artificials a les que&#xd;
enfrontar&#xd;
-&#xd;
se en mode "&#xd;
Un jug&#xd;
ador&#xd;
" així com la possibilitat de jugar al joc en mode&#xd;
"&#xd;
Multijugador&#xd;
".</subfield>
   </datafield>
   <datafield tag="653" ind2=" " ind1=" ">
      <subfield code="a">Àrees temàtiques de la UPC::Informàtica::Programació</subfield>
   </datafield>
   <datafield tag="653" ind2=" " ind1=" ">
      <subfield code="a">Computer games -- Design</subfield>
   </datafield>
   <datafield tag="653" ind2=" " ind1=" ">
      <subfield code="a">Joc</subfield>
   </datafield>
   <datafield tag="653" ind2=" " ind1=" ">
      <subfield code="a">JAVA</subfield>
   </datafield>
   <datafield tag="653" ind2=" " ind1=" ">
      <subfield code="a">multijugador</subfield>
   </datafield>
   <datafield tag="653" ind2=" " ind1=" ">
      <subfield code="a">IA</subfield>
   </datafield>
   <datafield tag="653" ind2=" " ind1=" ">
      <subfield code="a">Jocs per ordinador -- Disseny</subfield>
   </datafield>
   <datafield ind2="0" ind1="0" tag="245">
      <subfield code="a">Banjooli Xeet</subfield>
   </datafield>
</record></metadata></record></GetRecord></OAI-PMH>